Tvůrčí imaginace v súfismu Ibn 'Arabího /

Hlavní autor: Corbin, Henry, 1903-1978
Jazyk: Čeština
Vydáno: Praha : Malvern, 2010
Vydání: Vyd. 1.
Edice: Božské lahvice
Témata:
Fyzický popis: 333 s. : il. ; 21 cm
Knihy
Uloženo v:
LEADER 02145nam a2200589 a 4500
001 nkc20112161447
003 CZ PrNK
005 20110513133530.0
007 ta
008 110204s2010 xr a f 000 0dcze
015 |a cnb002161447 
020 |a 978-80-86702-82-7  |q (brož.) 
035 |a (OCoLC)713795176 
040 |a ABA001  |b cze 
041 1 |a cze  |h fre 
045 |a p6q4 
072 7 |a 28  |x Islám  |2 Konspekt  |9 5 
080 |a 28-587-1/-9  |2 MRF 
080 |a 28-587-051  |2 MRF 
080 |a 28-587  |2 MRF 
080 |a 159.954.3  |2 MRF 
080 |a 28  |2 MRF 
080 |a 159.954/.955  |2 MRF 
080 |a (048.8)  |2 MRF 
100 1 |a Corbin, Henry,  |d 1903-1978  |7 jn20010525126  |4 aut 
245 1 0 |a Tvůrčí imaginace v súfismu Ibn 'Arabího /  |c Henry Corbin ; [z francouzského vydání ... přeložil Jacques Joseph] 
250 |a Vyd. 1. 
260 |a Praha :  |b Malvern,  |c 2010 
300 |a 333 s. :  |b il. ;  |c 21 cm 
490 1 |a Božské lahvice 
504 |a Obsahuje bibliografické odkazy 
600 0 7 |a Ibn al-Arabí,  |d 1165-1240  |7 jn20000700770  |2 czenas 
648 7 |a 12.-13. století  |7 ch757064  |2 czenas 
650 0 7 |a súfijové  |7 ph126403  |y 12.-13. stol.  |2 czenas 
650 0 7 |a učení súfismu  |7 ph297079  |y 12.-13. stol.  |2 czenas 
650 0 7 |a islámská mystika  |7 ph121216  |y 12.-13. stol.  |2 czenas 
650 0 7 |a imaginace  |7 ph121035  |x islámské pojetí  |2 czenas 
650 0 7 |a tvůrčí myšlení  |7 ph116508  |x islámské pojetí  |2 czenas 
650 0 9 |a Sufis  |y 12th-13th centuries  |2 eczenas 
650 0 9 |a Sufi doctrine  |y 12th-13th centuries  |2 eczenas 
650 0 9 |a Islamic mysticism  |y 12th-13th centuries  |2 eczenas 
650 0 9 |a imagery (psychology)  |x Islamic approach  |2 eczenas 
650 0 9 |a creative thinking  |x Islamic approach  |2 eczenas 
655 7 |a monografie  |7 fd132842  |2 czenas 
655 9 |a monographs  |2 eczenas 
765 0 |t Imagination créatrice dans le soufisme d'Ibn Arabî  |9 Česky 
830 0 |a Božské lahvice  |0 s 
910 2 |a BOA001  |b 1-1260.269 
990 |a BK 
995 |a 01 
991 |b 201103  |c NOV  |e n 
996 6 |b 2610468158  |c 2-1260.269  |l MZK  |r Sklad / do 1 hodiny  |n 5  |p p.v.  |w 001168912  |u 000010  |a 1  |e BOA001  |j MZK50  |s P